Les François célèbres (en images) - Statistiques

Statistiques générales
  • Ce quiz a été pris 81 fois
  • Le résultat moyen est 4 sur 20
Statistiques - réponses
Par images Réponse % Correct
François Mitterrand
80%
Saint François d'Assise
77%
François Ier
68%
François Damiens
49%
François II
30%
François Cluzet
19%
Saint François de Sales
14%
François Ravaillac
11%
François d'Aix de La Chaise
4%
François de Roubaix
4%
François Faber
3%
François Legault
3%
François Couperin
1%
François Darlan
1%
François Furet
1%
François Perrot
1%
François de Bourbon-Vendôme, 2e duc de Beaufort
0%
François de Laval
0%
François de Salignac de La Mothe-Fénelon
0%
François Durand de Grossouvre
0%
Aucun quiz correspondant
Distribution des résultats
% des personnes avec chaque résultat
Percentile par nombre de réponses
Votre historique - résultats
Vous n’avez pas pris ce quiz